000 01193ntaaa2200361 4500
003 01
005 20251027203214.0
008 0714s1973 ag 01
040 _aAR-BaBN
_bspa
_cAR-BaBN
_eaacr
_dRIC
082 _a266.6 M68 (5)
082 _a266.6 M68 (2)
082 _a266.6 M68 (3)
082 _a266.6 M68 (4)
082 _a266.6 M68 (1)
245 _aLa misión evangélica Bautista :
_bCien años de ministerio en la Argentina /
_cDavid Balyeat, Randy Bradley, Bruce Muskrat
246 _a100 years of ministry in Argentine
250 _a1ª ed.
260 _aBuenos Aires :
_bArgentine Baptist Mission,
_c2004
300 _a341 p.
500 _aHistoria de la misión bautista en Argentina en ocasión del centenario, 1903-2003
650 _aHISTORIA BAUTISTA ARGENTINA
_933957
650 _aCENTENARIO
_933958
650 _aMINISTERIO
650 _aMISION
_918649
700 _aBalyeat, David
_933959
700 _aBradley, Randy
_933960
700 _aMuskrat, Bruce
_933961
700 _aDe Muskrat, Nancy
_933962
700 _aShelton, Pablo
_933963
700 _aDe Vick, Bárbara
_933964
700 _aAlexander, Marcos
_ecoordinador
_933965
942 _cBK
999 _c27515
_d27515